It looks like you're offline.
Open Library logo
additional options menu

MARC record from Internet Archive

LEADER: 01662cam 22004211 4500
001 ocm07944694
003 OCoLC
005 20160228204308.0
008 811028q19001983dcube a 000 0 eng
007 hd bfu---buau
010 $anuc87797410
040 $aDLC$beng$cDLC$dOCL$dRQM$dOCL$dOCLCQ$dOCLCF$dOCLCQ$dOCLCO$dOCL
035 $a(OCoLC)7944694
043 $an-us-vt
050 14 $aJK3030$b.V37a
050 10 $aMicrofilm$b39262
051 $cCopy 2.
082 04 $a328.743/05$219
110 1 $aVermont.$bGeneral Assembly.
245 10 $aDirectory, rules, constitutions and manual of parliamentary practice ... 1863-66$h[microform].
260 $aMontpelier,$bWalton's Steam Printing Establishment$c[1863]-66.
300 $a4 volumes$bmaps, plans$c17 cm
336 $atext$btxt$2rdacontent
337 $amicroform$bh$2rdamedia
338 $amicrofilm reel$bhd$2rdacarrier
500 $a1863 has title: Directory and rules of the Senate and House of representatives. For later issues see Vermont. Secretary of state. Vermont legislative directory.
500 $aMaster microform held by: DLC.
533 $aMicrofilm.$bWashington, D.C.,$cUnited States Library of Congress,$d[19--].$ereels. 35 mm.
651 0 $aVermont$vRegisters.
610 10 $aVermont.$bGeneral Assembly$vRules and practice.
610 17 $aVermont.$bGeneral Assembly.$2fast$0(OCoLC)fst00543628
651 7 $aVermont.$2fast$0(OCoLC)fst01204305
655 7 $aRegisters (Lists)$2fast$0(OCoLC)fst01919964
655 7 $aRules.$2fast$0(OCoLC)fst01423857
776 1 $cOriginal$w(DLC) 01019129
850 $aDLC
994 $aZ0$bPMR
948 $hNO HOLDINGS IN PMR - 1 OTHER HOLDINGS